000 00417pab a2200169 454500
008 180718b2004 xxu||||| |||| 00| 0 eng d
100 _aMajumdar, Paramita
245 _aQuality of life in slums of Delhi
260 _c2004
300 _ap.16-26.
362 _aJan-Mar
650 _aQuality of life - India - Delhi
650 _aSlums - India - Delhi
650 _aSlums
773 _aNagarlok
909 _a61647
999 _c61647
_d61647